[Event "ICS rated standard match"]
[Site "204.178.125.65"]
[Date "2000.04.05"]
[Round "?"]
[White "Hossa"]
[Black "chuda"]
[Result "1-0"]
[WhiteElo "2277"]
[BlackElo "2003"]
[PlyCount "107"]

1. e4 d5 2. exd5 Nf6 3. d4 Bg4 4. Be2 Bxe2 5. Qxe2 Qxd5 6. Nf3 Nc6 7. c4 Qf5 8.
O-O O-O-O 9. d5 Nb4 10. Be3 Nc2 11. Nd4 Nxd4 12. Bxd4 e6 13. Nc3 exd5 14. Bxf6
Qxf6 15. cxd5 Bd6 16. Rfe1 Kb8 17. Qe4 Qg6 18. Qd4 a6 19. g3 h5 20. Re4 f6 21.
Rd1 Qf7 22. Qe3 h4 23. g4 f5 24. Qf3 g6 25. Re6 Qg7 26. Qh3 Rdf8 27. g5 Rh5 28.
Qe3 Qf7 29. Re1 Rhh8 30. Rf6 Qh7 31. Qf3 Rxf6 32. gxf6 Rf8 33. Re6 g5 34. Qd3
Qg6 35. Qe3 g4 36. Ne2 f4 37. Nxf4 Qb1+ 38. Kg2 Qf5 39. Nd3 Qxd5+ 40. Kg1 h3
41. Re8+ Rxe8 42. Qxe8+ Ka7 43. Qe3+ b6 44. f3 gxf3 45. Kf2 Bxh2 46. Qxf3 Qd4+
47. Ke2 Bd6 48. Qxh3 Qxf6 49. Qc8 Qf7 50. a4 Qb3 51. Qe8 Qc2+ 52. Ke3 Bh2 53.
Qd7 Qxb2 54. Nxb2 1-0

[Event "ICS rated blitz match"]
[Site "204.178.125.65"]
[Date "2000.04.05"]
[Round "?"]
[White "Hossa"]
[Black "e-m29"]
[Result "0-1"]
[WhiteElo "2503"]
[BlackElo "2387"]
[PlyCount "130"]

1. e4 e6 2. d4 d5 3. Nc3 Bb4 4. e5 b6 5. Qg4 Bf8 6. Bg5 Qd7 7. h4 h6 8. Be3 Ne7
9. h5 Nf5 10. O-O-O c5 11. Bb5 Nc6 12. Nf3 a6 13. Bxc6 Qxc6 14. Qf4 Be7 15. g4
Nxe3 16. Qxe3 Rb8 17. Kb1 Bb7 18. Ne2 Qb5 19. Nd2 Ba8 20. f4 Rc8 21. Qf3 O-O
22. Qe3 Qa4 23. Qd3 Bc6 24. Nf3 Qa5 25. g5 Bb5 26. Qe3 Bc4 27. b3 Bxe2 28. Qxe2
c4 29. gxh6 gxh6 30. Rh3 Kh8 31. Ng1 Rg8 32. Rf3 c3 33. Qe3 Rg2 34. Rh3 Rxc2
35. Kxc2 Qxa2+ 36. Kd3 c2 37. Rc1 Qb2 38. Qe1 Bb4 39. Qf1 Ba3 40. Kd2 Qxd4+ 41.
Ke2 Bxc1 42. Qxc1 Rg8 43. Re3 Rxg1 44. Qxg1 Qb2 45. Kf3 c1=Q 46. Qxc1 Qxc1 47.
Kf2 d4 48. Rf3 Qd2+ 49. Kg1 d3 50. Rf1 Qe3+ 51. Kg2 d2 52. b4 Qe2+ 53. Kg1
Qxf1+ 54. Kxf1 d1=Q+ 55. Kf2 a5 56. Ke3 axb4 57. Ke4 Qd5+ 58. Ke3 b3 59. f5 b2
60. fxe6 b1=Q 61. Kf2 Qbe4 62. exf7 Qd2+ 63. Kg3 Qdd3+ 64. Kf2 Qee2+ 65. Kg1
Qdd1# 0-1

[Event "ICS rated standard match"]
[Site "204.178.125.65"]
[Date "2000.04.05"]
[Round "?"]
[White "Benway"]
[Black "Hossa"]
[Result "0-1"]
[WhiteElo "2267"]
[BlackElo "2282"]
[PlyCount "75"]

1. d4 Nf6 2. c4 c5 3. d5 e6 4. dxe6 fxe6 5. Bg5 Be7 6. Nc3 O-O 7. e4 d6 8. Nf3
Nc6 9. Be2 b6 10. Qd2 Bb7 11. O-O-O a6 12. e5 dxe5 13. Bxf6 gxf6 14. Qd7 Qc8
15. Qxc8 Bxc8 16. Rd2 Nd4 17. Bd3 Bb7 18. Be4 Bxe4 19. Nxe4 Rfd8 20. Nxd4 cxd4
21. g4 Rac8 22. b3 b5 23. c5 f5 24. Nd6 Rxc5+ 25. Nc4 bxc4 26. gxf5 cxb3+ 27.
Kb2 exf5 28. Rg1+ Kf7 29. axb3 Rdc8 30. f3 Rc3 31. Rdg2 Rb8 32. Rg7+ Kf6 33.
Rxh7 Rcxb3+ 34. Kc2 Rc3+ 35. Kd2 Rb2+ 36. Kd1 Rb1+ 37. Kd2 Rxg1 38. h4 0-1

[Event "ICS rated blitz match"]
[Site "204.178.125.65"]
[Date "2000.04.05"]
[Round "?"]
[White "brutus"]
[Black "Hossa"]
[Result "0-1"]
[WhiteElo "2128"]
[BlackElo "2482"]
[PlyCount "74"]

1. e4 e5 2. Nf3 Nc6 3. Bb5 Nf6 4. Nc3 a6 5. Ba4 b5 6. Bb3 Bc5 7. d3 h6 8. Be3
Bb4 9. O-O Bxc3 10. bxc3 d6 11. h3 O-O 12. Qd2 Be6 13. Bxh6 gxh6 14. Qxh6 Bxb3
15. axb3 Nh7 16. Nh4 Qf6 17. Qh5 Qg5 18. Qxg5+ Nxg5 19. f4 exf4 20. Rxf4 b4 21.
Nf5 f6 22. h4 Ne6 23. Rg4+ Kh8 24. cxb4 Nxb4 25. Nh6 Nxc2 26. Rc1 Ncd4 27. Rf1
Rab8 28. e5 dxe5 29. Nf5 Rxb3 30. Ne7 f5 31. Rg6 Rxd3 32. h5 f4 33. Rb1 Re8 34.
Nd5 Ne2+ 35. Kf2 Rxd5 36. Kxe2 Nd4+ 37. Kf2 e4 0-1

[Event "ICS rated standard match"]
[Site "204.178.125.65"]
[Date "2000.04.05"]
[Round "?"]
[White "Helenos"]
[Black "Hossa"]
[Result "0-1"]
[WhiteElo "2431"]
[BlackElo "2286"]
[PlyCount "53"]

1. e4 e5 2. Nc3 Nf6 3. Bc4 Nxe4 4. Qh5 Nd6 5. Bb3 Nc6 6. Nb5 g6 7. Qf3 Nf5 8.
g4 a6 9. gxf5 axb5 10. fxg6 Qe7 11. gxf7+ Kd8 12. d3 Nd4 13. Qh5 h6 14. Nf3
Nxb3 15. cxb3 e4 16. O-O exf3 17. Bf4 Rh7 18. Qxf3 Qxf7 19. Rae1 Rxa2 20. Re2
Rg7+ 21. Kh1 d5 22. Rfe1 Bd7 23. Qe3 Rg4 24. Bg3 d4 25. Qe5 Bc6+ 26. Kg1 Kc8
27. Qxd4 0-1

[Event "ICS Rated blitz match"]
[Site "204.178.125.65"]
[Date "2000.04.05"]
[Round "?"]
[White "Hossa"]
[Black "e-m29"]
[Result "0-1"]
[WhiteElo "2486"]
[BlackElo "2408"]
[PlyCount "154"]

1. e4 d6 2. d4 Nf6 3. Nc3 g6 4. f4 Bg7 5. Nf3 O-O 6. Bd3 Nc6 7. e5 dxe5 8. fxe5
Nh5 9. Be3 Bg4 10. Be2 f6 11. exf6 exf6 12. O-O f5 13. Qd2 f4 14. Bf2 Re8 15.
Rad1 Nb4 16. Ne5 Bxe2 17. Qxe2 Nd5 18. Qb5 Nxc3 19. bxc3 Qd6 20. Rde1 b6 21.
Nc6 a6 22. Qc4+ Kf8 23. a4 Nf6 24. Nb4 a5 25. Nc6 Ng4 26. Rb1 Re4 27. h3 Nxf2
28. Rxf2 Rae8 29. Rbf1 g5 30. h4 h6 31. hxg5 hxg5 32. Qb5 Qg6 33. Na7 c5 34. d5
Bxc3 35. Nc6 Be1 36. Rf3 Re2 37. Qb2 Kf7 38. Qb3 Qe4 39. d6+ c4 40. Qb5 Bd2 41.
Qxg5 Qe3+ 42. R1f2 Qxf2+ 43. Kh2 Rh8+ 44. Rh3 Rxh3+ 45. Kxh3 Qe3+ 46. Kh2 f3
47. Nd8+ Ke8 48. Qg8+ Kd7 49. Qg7+ Kxd6 50. Nb7+ Kc6 51. Nd8+ Kd5 52. Qd7+ Kc5
53. Qb5+ Kd4 54. Qxb6+ Kc3 55. Qf6+ Kxc2 56. Nc6 Qf4+ 57. Qxf4 Bxf4+ 58. Kh3
fxg2 59. Nd4+ Kd2 60. Nxe2 Kxe2 61. Kxg2 c3 62. Kh3 c2 63. Kg4 Bd2 64. Kf5 c1=Q
65. Kf6 Qc5 66. Ke6 Ke3 67. Kd7 Ke4 68. Ke6 Qc6+ 69. Ke7 Ke5 70. Kf7 Qf6+ 71.
Ke8 Qg7 72. Kd8 Qf7 73. Kc8 Qe7 74. Kb8 Qd7 75. Ka8 Kd6 76. Kb8 Kc6 77. Ka8
Qb7# 0-1

[Event "ICS rated blitz match"]
[Site "204.178.125.65"]
[Date "2000.04.05"]
[Round "?"]
[White "e-m29"]
[Black "Hossa"]
[Result "1-0"]
[WhiteElo "2428"]
[BlackElo "2466"]
[PlyCount "91"]

1. e4 e5 2. Nf3 Nc6 3. Bb5 a6 4. Ba4 Nf6 5. O-O Be7 6. Re1 b5 7. Bb3 d6 8. c3
O-O 9. h3 Bb7 10. d4 Re8 11. Nbd2 Bf8 12. a4 h6 13. Bc2 exd4 14. cxd4 Nb4 15.
Bb1 c5 16. d5 Nd7 17. Ra3 f5 18. Rae3 Nf6 19. Nh2 Qd7 20. Rf3 fxe4 21. Nxe4
Nbxd5 22. Rg3 Kh8 23. Nf3 Nxe4 24. Bxe4 Nc3 25. bxc3 Bxe4 26. Nh4 bxa4 27. Bxh6
Qc6 28. Qg4 Qb7 29. Bxg7+ Bxg7 30. Qh5+ Kg8 31. Nf5 Re7 32. Qh4 Rf7 33. Nh6+
Kf8 34. Rxe4 d5 35. Rf4 Qb1+ 36. Kh2 Bf6 37. Rxf6 Qh7 38. Rxf7+ Qxf7 39. Nxf7
Kxf7 40. Qh6 Rg8 41. Qh7+ Ke6 42. Qxg8+ Ke7 43. Rf3 c4 44. Qg6 Kd8 45. Rf7 a3
46. Qg8# 1-0

[Event "ICS rated standard match"]
[Site "204.178.125.65"]
[Date "2000.04.06"]
[Round "?"]
[White "Hossa"]
[Black "MineQL"]
[Result "1-0"]
[WhiteElo "2312"]
[BlackElo "1975"]
[PlyCount "119"]

1. e4 c5 2. Nf3 e6 3. d4 cxd4 4. Nxd4 Nc6 5. Nc3 a6 6. Be2 Qc7 7. Be3 Nf6 8.
O-O Bb4 9. Na4 Bd6 10. Nxc6 dxc6 11. Bb6 Qe7 12. Qd3 O-O 13. Rad1 Ne8 14. Be3
b5 15. Nb6 Rb8 16. Nxc8 Rxc8 17. c3 Bc7 18. b4 Qd6 19. f4 Qxd3 20. Bxd3 Nf6 21.
Bc5 Rfd8 22. g3 Nd7 23. Be7 Re8 24. Bg5 f6 25. Bh4 Rcd8 26. Bc2 Nf8 27. Kg2 Ng6
28. Kh3 Nxh4 29. Kxh4 a5 30. Rxd8 Bxd8 31. a3 Bb6 32. Rd1 Rc8 33. Bb3 Rd8 34.
Bxe6+ Kf8 35. Rd7 Rxd7 36. Bxd7 axb4 37. cxb4 c5 38. Bxb5 Bd8 39. Bd3 cxb4 40.
axb4 Ke7 41. Kg4 Kd6 42. Bc4 Bb6 43. Bg8 Bg1 44. Bxh7 Bxh2 45. Bg8 Bg1 46. Kf5
Bf2 47. e5+ fxe5 48. fxe5+ Kc6 49. b5+ Kxb5 50. e6 Kc6 51. Kg6 Bc5 52. Kf7 Kd5
53. e7 Bxe7 54. Kxe7+ Ke4 55. Be6 Kf3 56. g4 g5 57. Kf6 Kf4 58. Bf5 Ke3 59.
Kxg5 Kf3 60. Kf6 1-0

[Event "ICS rated standard match"]
[Site "204.178.125.65"]
[Date "2000.04.06"]
[Round "?"]
[White "MineQL"]
[Black "Hossa"]
[Result "1-0"]
[WhiteElo "1971"]
[BlackElo "2316"]
[PlyCount "113"]

1. d4 d5 2. c4 e6 3. Nc3 Nf6 4. Bg5 Be7 5. Nf3 O-O 6. e3 Nbd7 7. Rc1 c6 8. Bd3
dxc4 9. Bxc4 c5 10. O-O cxd4 11. Qxd4 a6 12. Be2 b5 13. a4 bxa4 14. Qxa4 Rb8
15. Qc2 Rb4 16. Rfd1 Qb6 17. b3 h6 18. Na4 Qb7 19. Bf4 Nd5 20. Bg3 N7f6 21. Nd4
Bd7 22. Nc5 Bxc5 23. Qxc5 Ne4 24. Qa5 Nec3 25. Rd2 Nxe2+ 26. Rxe2 e5 27. Bxe5
Re8 28. Nf3 Bg4 29. Qa1 Bxf3 30. gxf3 f6 31. Bg3 Rxb3 32. Rec2 f5 33. Rc4 g5
34. e4 f4 35. Bxf4 gxf4 36. exd5 Qxd5 37. Rxf4 h5 38. Re4 Rf8 39. Re5 Qd2 40.
Rcc5 Rb5 41. Rxb5 axb5 42. Rxh5 Qf4 43. Rh8+ Kf7 44. Rh7+ Ke6 45. Qa6+ Kd5 46.
Qxb5+ Ke6 47. Qd7+ Kf6 48. Qe7+ Kf5 49. Qxf8+ Ke5 50. Rh5+ Kd4 51. Qc5+ Kd3 52.
Rd5+ Ke2 53. Qc2+ Kxf3 54. Qd1+ Ke4 55. Qd4+ Kf3 56. Qd1+ Ke4 57. Qd3# 1-0

[Event "ICS rated blitz match"]
[Site "204.178.125.65"]
[Date "2000.04.06"]
[Round "?"]
[White "Bongo"]
[Black "Hossa"]
[Result "0-1"]
[WhiteElo "2096"]
[BlackElo "2448"]
[PlyCount "66"]

1. e4 e5 2. Nf3 Nc6 3. Bb5 a6 4. Ba4 Nf6 5. O-O Be7 6. Re1 b5 7. Bb3 d6 8. c3
O-O 9. h3 Bb7 10. d4 Re8 11. Ng5 Rf8 12. Nf3 Re8 13. Ng5 Rf8 14. Nf3 a5 15.
Nbd2 a4 16. Bc2 exd4 17. Nxd4 Nxd4 18. cxd4 Re8 19. Nf1 d5 20. e5 Bb4 21. Re3
Ne4 22. Qd3 c5 23. f3 cxd4 24. Re2 Rxe5 25. Bf4 Rf5 26. Bh2 a3 27. b3 Nc3 28.
Qxf5 Nxe2+ 29. Kh1 Qh4 30. Bd3 Nc3 31. Bg3 Qh6 32. Be5 Re8 33. Bxd4 Bc8 0-1

[Event "ICS rated blitz match"]
[Site "204.178.125.65"]
[Date "2000.04.06"]
[Round "?"]
[White "Hossa"]
[Black "Bongo"]
[Result "0-1"]
[WhiteElo "2452"]
[BlackElo "2092"]
[PlyCount "218"]

1. e4 c5 2. Nf3 d6 3. d4 cxd4 4. Nxd4 Nf6 5. Nc3 a6 6. Bg5 e6 7. f4 b5 8. e5
dxe5 9. fxe5 Qc7 10. exf6 Qe5+ 11. Be2 Qxg5 12. Qd3 Qxf6 13. Rf1 Qe5 14. Rd1
Ra7 15. Nf3 Qc7 16. Ng5 f5 17. Qd4 h5 18. Rxf5 exf5 19. Nd5 Qd7 20. Rd3 Nc6 21.
Re3+ Ne7 22. Nf6+ gxf6 23. Qxf6 Rg8 24. Bxh5+ Kd8 25. Qb6+ Rc7 26. Nf7+ Ke8 27.
Ne5+ Kd8 28. Nxd7 Bxd7 29. Qxa6 Rxc2 30. Rd3 Nc6 31. Qb7 Rc1+ 32. Bd1 Bb4+ 33.
Kf1 Rg7 34. Qb6+ Kc8 35. a3 Bc5 36. Qa6+ Kc7 37. b4 Bb6 38. Qa8 Ne5 39. Rd2 Nc4
40. Rd3 Nb2 41. Qd5 Nxd3 42. Qxd3 Bc6 43. g4 Rd7 44. Qxd7+ Bxd7 45. Ke1 fxg4
46. Kd2 Ra1 47. Bb3 Rxa3 48. Kc2 Ra1 49. Bd5 Rf1 50. Kc3 Rf2 51. h3 gxh3 52.
Ba8 Bc6 53. Bxc6 Kxc6 54. Kd3 h2 55. Kc3 h1=N 56. Kd3 Kd5 57. Kc3 Bd4+ 58. Kb3
Rb2+ 59. Ka3 Rxb4 60. Kxb4 Nf2 61. Kb3 Nd3 62. Kc2 Nc5 63. Kd1 b4 64. Ke2 Nd7
65. Kf3 b3 66. Kf4 b2 67. Kg4 Bc5 68. Kh4 Nb6 69. Kg4 Bd6 70. Kf3 Be7 71. Kg3
Ke4 72. Kg2 Kf4 73. Kf2 Nd5 74. Ke2 Ke4 75. Kf2 Bh4+ 76. Ke2 Nf4+ 77. Kd2 Kd4
78. Kc2 Kc4 79. Kxb2 Nd3+ 80. Kc2 Bg3 81. Kd2 Kd4 82. Ke2 Ke4 83. Kf1 Kf3 84.
Kg1 Nf2 85. Kf1 Bf4 86. Kg1 Ng4 87. Kh1 Bd2 88. Kg1 Nf2 89. Kh2 Bf4+ 90. Kg1
Bg3 91. Kf1 Bh2 92. Ke1 Ne4 93. Kd1 Ke3 94. Kc2 Nd2 95. Kb2 Bd6 96. Kc3 Bc5 97.
Kc2 Bd4 98. Kd1 Kd3 99. Ke1 Be3 100. Kd1 Bf2 101. Kc1 Nc4 102. Kd1 Nb2+ 103.
Kc1 Kc3 104. Kb1 Kb3 105. Kc1 Be3+ 106. Kb1 Nc4 107. Ka1 Bd2 108. Kb1 Na3+ 109.
Ka1 Bc3# 0-1

[Event "ICS rated blitz match"]
[Site "204.178.125.65"]
[Date "2000.04.06"]
[Round "?"]
[White "QueenMaxima"]
[Black "Hossa"]
[Result "0-1"]
[WhiteElo "2587"]
[BlackElo "2424"]
[PlyCount "214"]

1. d4 Nf6 2. c4 e6 3. Nc3 Bb4 4. e3 O-O 5. Bd3 d5 6. Nf3 dxc4 7. Bxc4 c5 8. O-O
cxd4 9. exd4 Nbd7 10. Bd3 b6 11. a3 Be7 12. Bf4 Bb7 13. Qe2 Rc8 14. Nb5 Nd5 15.
Bg3 a6 16. Nd6 Bxd6 17. Bxd6 Re8 18. Bxa6 Bxa6 19. Qxa6 Rc6 20. Bg3 N7f6 21.
Rfc1 Qc8 22. Qf1 Ne4 23. Bh4 Rc2 24. Qd1 Rc7 25. Qe1 Rc2 26. Qd1 Rc7 27. Rxc7
Qxc7 28. Rc1 Qb7 29. Qe2 Nd6 30. Bg5 Rc8 31. Rxc8+ Qxc8 32. b3 h6 33. Bd2 Qc2
34. Qe5 Qd1+ 35. Be1 Nf5 36. b4 Kh7 37. Qe4 Nc3 38. Qe5 Ne2+ 39. Kf1 Nexd4 40.
Nxd4 Nxd4 41. Qe4+ f5 42. Qe3 b5 43. f3 g5 44. Kf2 Kg6 45. Kg1 Kf6 46. Kf1 e5
47. Kf2 f4 48. Qc3 g4 49. fxg4 Qxg4 50. Qd2 Qg8 51. Qd3 Qa2+ 52. Kg1 Qa1 53.
Kf1 Qb2 54. Bh4+ Kg7 55. Be1 Qa2 56. Qe4 Qc4+ 57. Kf2 Kf6 58. Bd2 Qa2 59. Qd3
h5 60. Kg1 Qa1+ 61. Kf2 Qd1 62. g3 fxg3+ 63. hxg3 Qc2 64. Qe3 Qf5+ 65. Kg2 Ke6
66. Be1 Qc2+ 67. Kg1 Qd1 68. Kf2 Kd5 69. Bd2 Qc2 70. Qg5 Kc4 71. Qe3 Qf5+ 72.
Kg2 Qd3 73. Qxd3+ Kxd3 74. Bg5 e4 75. Bh4 Nc2 76. g4 Ne3+ 77. Kg3 Nxg4 78. Kf4
e3 79. Kg5 Ne5 80. Bg3 e2 81. Kxh5 Nc4 82. Kg5 Nxa3 83. Kf6 Ke3 84. Ke6 Ke4 85.
Kd6 Kf3 86. Bh4 Ke3 87. Kc5 Ke4 88. Bg3 Kf3 89. Be1 Kg2 90. Bh4 Kf1 91. Kd5
e1=R 92. Bxe1 Kxe1 93. Kc5 Kd2 94. Kd4 Kc2 95. Kc5 Kb3 96. Kc6 Kxb4 97. Kb6 Kc4
98. Kc6 b4 99. Kc7 b3 100. Kc6 b2 101. Kd6 b1=Q 102. Ke6 Kd4 103. Kf6 Nc4 104.
Kf7 Ne5+ 105. Ke6 Qg6+ 106. Ke7 Qf7+ 107. Kd8 Qd7# 0-1

[Event "ICS rated blitz match"]
[Site "204.178.125.65"]
[Date "2000.04.06"]
[Round "?"]
[White "Hossa"]
[Black "QueenMaxima"]
[Result "0-1"]
[WhiteElo "2447"]
[BlackElo "2587"]
[PlyCount "118"]

1. e4 Nf6 2. e5 Nd5 3. d4 d6 4. c4 Nb6 5. f4 Bf5 6. Nf3 e6 7. Be2 dxe5 8. fxe5
c5 9. Bg5 Qd7 10. Nc3 Nc6 11. d5 Na5 12. b3 f6 13. exf6 gxf6 14. Bxf6 Bg7 15.
Ne5 Bxf6 16. Bh5+ Ke7 17. Nxd7 Bxc3+ 18. Ke2 Nxd7 19. Rc1 Bb2 20. d6+ Kf6 21.
g4 Bg6 22. Bxg6 Bxc1 23. Bxh7 Nc6 24. Be4 Nd4+ 25. Ke1 Bf4 26. Bxb7 Rab8 27.
Bc6 Ne5 28. Rf1 Kg5 29. Rxf4 Kxf4 30. Qd2+ Kxg4 31. Qg2+ Kf5 32. Qf2+ Kg5 33.
Qg3+ Kf6 34. Be4 Rbd8 35. h4 Rh5 36. b4 Rxd6 37. bxc5 Ra6 38. Qg8 Nf5 39. Bxf5
Kxf5 40. Qf8+ Ke4 41. Kd1 Rxa2 42. Qb8 Rxh4 43. Qb1+ Nd3 44. Qxa2 Rh1+ 45. Kc2
Nb4+ 46. Kb3 Nxa2 47. Kxa2 Kd4 48. Kb2 Kxc5 49. Kc3 a5 50. Kd3 Rh2 51. Ke4 a4
52. Kf3 Rh4 53. Ke2 a3 54. Kf2 a2 55. Ke2 a1=Q 56. Ke3 Rh3+ 57. Kf2 Qa2+ 58.
Kg1 Rh2 59. Kf1 Rh1# 0-1

[Event "ICS rated blitz match"]
[Site "204.178.125.65"]
[Date "2000.04.06"]
[Round "?"]
[White "SalovS"]
[Black "Hossa"]
[Result "0-1"]
[WhiteElo "2289"]
[BlackElo "2437"]
[PlyCount "92"]

1. e4 e5 2. Nf3 Nc6 3. Bb5 a6 4. Ba4 Nf6 5. O-O Be7 6. Qe2 b5 7. Bb3 O-O 8. c3
d6 9. d3 Bg4 10. h3 Bxf3 11. Qxf3 a5 12. a4 b4 13. Nd2 bxc3 14. bxc3 Qb8 15.
Bc4 Qb7 16. Rb1 Qc8 17. Re1 Rb8 18. Ra1 Rb6 19. Nf1 Qb7 20. Ng3 Bd8 21. Nf5 Ne7
22. Be3 c5 23. g4 Nxf5 24. gxf5 Rb2 25. Kh1 Be7 26. Rg1 Rb8 27. Bb5 d5 28. Qg3
g6 29. fxg6 hxg6 30. f3 Qc7 31. Bg5 Nh5 32. Qh4 Bxg5 33. Rxg5 Nf4 34. Rag1 c4
35. dxc4 dxc4 36. Qh6 Rd8 37. h4 Rdd2 38. Rxg6+ fxg6 39. Rxg6+ Nxg6 40. Qxg6+
Kf8 41. Qf6+ Qf7 42. Qh8+ Ke7 43. Qxe5+ Qe6 44. Qg7+ Kd8 45. Qf8+ Kc7 46. Qc5+
Kb7 0-1

[Event "ICS rated blitz match"]
[Site "204.178.125.65"]
[Date "2000.04.06"]
[Round "?"]
[White "Hossa"]
[Black "SalovS"]
[Result "1-0"]
[WhiteElo "2447"]
[BlackElo "2279"]
[PlyCount "61"]

1. e4 c5 2. Nf3 e6 3. d4 cxd4 4. Nxd4 a6 5. Nc3 b5 6. Bd3 Qb6 7. Nf3 d6 8. O-O
Bb7 9. a4 b4 10. a5 Qc7 11. Na2 Nf6 12. Nxb4 d5 13. e5 Nfd7 14. Bd2 Nxe5 15.
Nxe5 Qxe5 16. Bc3 Qc7 17. Re1 Nd7 18. Qh5 g6 19. Nxd5 Qxc3 20. Rxe6+ fxe6 21.
Bxg6+ hxg6 22. Qxg6+ Kd8 23. Nxc3 Rh6 24. Qg5+ Kc7 25. b4 Rf6 26. b5 Bc5 27.
b6+ Kd8 28. Rd1 Bxf2+ 29. Kh1 Bd4 30. Rxd4 Ke7 31. Qg7+ 1-0

[Event "ICS rated blitz match"]
[Site "204.178.125.65"]
[Date "2000.04.06"]
[Round "?"]
[White "SalovS"]
[Black "Hossa"]
[Result "1-0"]
[WhiteElo "2270"]
[BlackElo "2456"]
[PlyCount "121"]

1. e4 e5 2. Nf3 Nc6 3. Bb5 Nf6 4. d3 d6 5. O-O Be7 6. c3 a6 7. Ba4 b5 8. Bb3
O-O 9. a4 b4 10. a5 Bg4 11. h3 Bxf3 12. Qxf3 bxc3 13. bxc3 Rb8 14. Bc4 Nxa5 15.
Rxa5 Rxb1 16. Rxa6 Nd7 17. Ba2 Rb6 18. Rxb6 Nxb6 19. d4 Bg5 20. Qd3 Bxc1 21.
Rxc1 Qg5 22. Rd1 Ra8 23. Qb1 Qf4 24. Re1 Qd2 25. Bd5 Nxd5 26. exd5 Qxc3 27.
dxe5 dxe5 28. Rc1 Qd2 29. Rd1 Qa2 30. Qb7 Qa7 31. Qc6 Qa4 32. Rc1 Qa5 33. Qb7
Rd8 34. Rxc7 Qe1+ 35. Kh2 Qxf2 36. d6 Qf4+ 37. Kh1 Qf1+ 38. Kh2 Qf6 39. d7 Qf4+
40. Kh1 Kf8 41. Qc6 Qd4 42. Rc8 Ke7 43. Rxd8 Kxd8 44. Qc8+ Ke7 45. Qe8+ Kf6 46.
d8=Q+ Qxd8 47. Qxd8+ Ke6 48. Qg8 g6 49. Qxh7 Kf6 50. Kg1 Ke6 51. Qg7 e4 52. Kf2
Kd6 53. Qxf7 g5 54. Ke3 Kc6 55. Kxe4 Kd6 56. Qf6+ Kc7 57. Kd5 Kb7 58. Qc6+ Kb8
59. Qd7 Ka8 60. Kc6 g4 61. Qb7# 1-0

[Event "ICS rated blitz match"]
[Site "204.178.125.65"]
[Date "2000.04.06"]
[Round "?"]
[White "Hossa"]
[Black "SalovS"]
[Result "1-0"]
[WhiteElo "2432"]
[BlackElo "2294"]
[PlyCount "121"]

1. e4 c5 2. Nf3 e6 3. d4 cxd4 4. Nxd4 a6 5. Nc3 Qc7 6. Be2 Nf6 7. O-O Nc6 8.
Nxc6 bxc6 9. e5 Qxe5 10. Re1 Qc7 11. Bg5 Be7 12. Qd4 e5 13. Qe3 d6 14. Bxf6
Bxf6 15. Ne4 Be7 16. Ng5 O-O 17. Bd3 Bxg5 18. Qxg5 Be6 19. c4 h6 20. Qd2 d5 21.
cxd5 cxd5 22. Rad1 a5 23. Rc1 Qd6 24. Qe2 e4 25. Bb1 Rab8 26. Rc2 Qe5 27. Qd2
a4 28. f3 f5 29. Rc6 Rxb2 30. Rxe6 Rxd2 31. Rxe5 Rb8 32. Rxf5 Rbb2 33. fxe4
Rxg2+ 34. Kf1 Rxh2 35. Kg1 d4 36. e5 Rhe2 37. Rxe2 Rxe2 38. Bd3 Re3 39. Bc4+
Kh7 40. e6 d3 41. Rf1 d2 42. Kf2 Re5 43. Rd1 Rc5 44. Bd3+ Kg8 45. Bg6 Kf8 46.
Rxd2 Ke7 47. Bf7 a3 48. Ke3 Rb5 49. Rd7+ Kf6 50. Ra7 Re5+ 51. Kf2 Rf5+ 52. Kg2
Rg5+ 53. Kh3 Re5 54. Rxa3 g5 55. Rf3+ Ke7 56. Kg4 Re4+ 57. Kh5 Rh4+ 58. Kg6 g4
59. Rd3 Rh3 60. Rd7+ Kf8 61. e7# 1-0

[Event "ICS rated blitz match"]
[Site "204.178.125.65"]
[Date "2000.04.06"]
[Round "?"]
[White "Hossa"]
[Black "GAMBIT123"]
[Result "1-0"]
[WhiteElo "2442"]
[BlackElo "1964"]
[PlyCount "39"]

1. e4 Nc6 2. d4 e5 3. d5 Nce7 4. c4 Ng6 5. Nf3 Nf6 6. Bd3 Bb4+ 7. Nc3 Bxc3+ 8.
bxc3 O-O 9. Ba3 d6 10. c5 Nf4 11. O-O a5 12. Rb1 Re8 13. c4 Nxd3 14. Qxd3 dxc5
15. Bxc5 b6 16. Ba3 Ba6 17. Rfe1 Qd7 18. Qc3 Qg4 19. h3 Nxe4 20. Qc2 1-0

[Event "ICS rated blitz match"]
[Site "204.178.125.65"]
[Date "2000.04.06"]
[Round "?"]
[White "triskelon"]
[Black "Hossa"]
[Result "1-0"]
[WhiteElo "2665"]
[BlackElo "2444"]
[PlyCount "143"]

1. d4 Nf6 2. c4 e6 3. Nf3 b6 4. g3 Ba6 5. Nbd2 Bb7 6. Bg2 c5 7. e4 cxd4 8. e5
Ne4 9. O-O Nxd2 10. Bxd2 Qc7 11. b3 Nc6 12. Bf4 Bc5 13. a3 a5 14. Re1 O-O 15.
Qd2 Rfd8 16. Bg5 Re8 17. Qb2 d6 18. exd6 Qxd6 19. Bf4 Qe7 20. Ng5 Red8 21. Qb1
g6 22. Ne4 f6 23. Qb2 g5 24. Nxc5 bxc5 25. Bd5 Ne5 26. Bxb7 gxf4 27. Bxa8 Rxa8
28. Qe2 Qb7 29. Qe4 Rb8 30. Qxb7 Rxb7 31. Reb1 fxg3 32. hxg3 Nf3+ 33. Kg2 Nd2
34. Rb2 Nxb3 35. Re1 e5 36. a4 Rb4 37. Kf3 d3 38. Ke3 Nd4 39. Rxb4 Nc2+ 40. Ke4
Nxb4 41. Rh1 Kg7 42. Ke3 Kg6 43. g4 Kg7 44. Rh5 Kg6 45. Kd2 Nc6 46. Kxd3 Nd4
47. Rh1 Ne6 48. Rb1 Kg5 49. Rb6 Nd4 50. Ra6 Kxg4 51. Rxf6 h5 52. Ke4 h4 53.
Rg6+ Kh5 54. Rg8 Nc6 55. Rc8 h3 56. f3 Kg5 57. Rh8 Nb4 58. Rxh3 Kf6 59. Rh6+
Ke7 60. Kxe5 Kd7 61. Rd6+ Kc7 62. f4 Nc6+ 63. Rxc6+ Kxc6 64. f5 Kd7 65. f6 Kc7
66. f7 Kc6 67. f8=Q Kb6 68. Qb8+ Kc6 69. Qb5+ Kc7 70. Ke6 Kc8 71. Kd6 Kd8 72.
Qd7# 1-0

[Event "ICS rated blitz match"]
[Site "204.178.125.65"]
[Date "2000.04.06"]
[Round "?"]
[White "Hossa"]
[Black "triskelon"]
[Result "0-1"]
[WhiteElo "2437"]
[BlackElo "2672"]
[PlyCount "118"]

1. e4 c5 2. Nf3 d6 3. d4 cxd4 4. Nxd4 Nf6 5. Nc3 g6 6. Be3 Bg7 7. f3 Nc6 8. Qd2
O-O 9. Be2 Bd7 10. O-O Rc8 11. Nxc6 Rxc6 12. Rad1 a6 13. Bd4 Rc8 14. f4 Bc6 15.
Qe3 Qe8 16. f5 Kh8 17. e5 dxe5 18. Bxe5 Rd8 19. Bd4 gxf5 20. Rxf5 Rg8 21. Bf3
Bxf3 22. Qxf3 b5 23. a3 Ng4 24. Rf4 Bxd4+ 25. Rfxd4 Rxd4 26. Rxd4 Qc8 27. Qxf7
e5 28. Rd5 Rf8 29. Qa7 Qf5 30. Rd1 Nf2 31. h4 Nxd1 32. Nxd1 Qf1+ 33. Kh2 Qxd1
34. Qe7 Qd8 35. Qxe5+ Qf6 36. Qxf6+ Rxf6 37. Kg1 Rd6 38. c3 Rd2 39. b3 Rb2 40.
b4 Ra2 41. h5 Kg7 42. g4 Rxa3 43. g5 Rxc3 44. Kf2 Rh3 45. Ke2 Rxh5 46. Kd2 Rxg5
47. Ke3 Rg4 48. Ke2 Rxb4 49. Kf3 Kf6 50. Ke3 Ke5 51. Kd3 Re4 52. Kc3 b4+ 53.
Kd3 b3 54. Kc3 Re3+ 55. Kc4 b2 56. Kc5 b1=Q 57. Kc6 Rc3+ 58. Kd7 Qb7+ 59. Kd8
Rc8# 0-1

[Event "ICS rated blitz match"]
[Site "204.178.125.65"]
[Date "2000.04.06"]
[Round "?"]
[White "brutus"]
[Black "Hossa"]
[Result "1-0"]
[WhiteElo "2121"]
[BlackElo "2430"]
[PlyCount "121"]

1. e4 e5 2. Nf3 Nc6 3. Bb5 a6 4. Ba4 Nf6 5. Qe2 b5 6. Bb3 Bc5 7. c3 O-O 8. d3
b4 9. Bg5 d6 10. Nbd2 bxc3 11. bxc3 Rb8 12. O-O Qe7 13. Nc4 Be6 14. Ne3 Bxe3
15. fxe3 Bxb3 16. axb3 Rxb3 17. Nh4 Qe6 18. Rxf6 gxf6 19. Bh6 Rfb8 20. Nf5 Rb1+
21. Rxb1 Rxb1+ 22. Kf2 Rb2 23. Qxb2 Kh8 24. Qb7 Qd7 25. Bg7+ Kg8 26. Bxf6 Qe8
27. Qxc6 Qxc6 28. Ne7+ Kf8 29. Nxc6 Ke8 30. Kf3 Kd7 31. Na5 Ke6 32. Bg7 Kd7 33.
Kg4 c6 34. Kf5 Kc7 35. Bxe5 dxe5 36. Kxe5 Kb6 37. Nc4+ Kb5 38. Kf6 a5 39. Kxf7
a4 40. e5 a3 41. Nxa3+ Ka4 42. e6 Kxa3 43. e7 Kb2 44. e8=Q Kc2 45. Qxc6 Kd2 46.
Ke6 h6 47. Kf5 Kxd3 48. Qd5+ Kc2 49. Ke4 Kxc3 50. Qd4+ Kc2 51. Kf3 Kb3 52. Ke2
Kc2 53. Qd3+ Kb2 54. Kd2 h5 55. Qc3+ Kb1 56. Qb3+ Ka1 57. Kc2 h4 58. Qc4 h3 59.
Qb3 hxg2 60. Qc4 g1=Q 61. Qa4# 1-0

[Event "ICS rated standard match"]
[Site "204.178.125.65"]
[Date "2000.04.06"]
[Round "?"]
[White "Hossa"]
[Black "triskelon"]
[Result "0-1"]
[WhiteElo "2292"]
[BlackElo "2509"]
[PlyCount "82"]

1. e4 e6 2. d4 d5 3. Nc3 Nf6 4. Bg5 Be7 5. e5 Nfd7 6. Bxe7 Qxe7 7. f4 a6 8. Nf3
c5 9. dxc5 Nc6 10. Qd2 Nxc5 11. Bd3 b5 12. O-O Bd7 13. g3 O-O 14. Rfe1 b4 15.
Nd1 Nxd3 16. Qxd3 f6 17. exf6 gxf6 18. Ne3 Qc5 19. Kh1 Kh8 20. Rad1 Rac8 21. f5
Ne5 22. Nxe5 fxe5 23. fxe6 Bc6 24. e7 d4+ 25. Kg1 Qxe7 26. Nf5 Qc5 27. g4 Qd5
28. Qh3 Rxf5 29. gxf5 Rg8+ 30. Kf2 Rg2+ 31. Kf1 Rxc2 32. Re2 Qh1+ 33. Kf2 Qxd1
34. Rxc2 Qxc2+ 35. Kg1 Qc1+ 36. Kf2 Qd2+ 37. Kf1 Bb5+ 38. Qd3 Bxd3+ 39. Kg1 Qe2
40. h3 Be4 41. a3 Qg2# 0-1